00675nam a2200181Ia 4500008004100000041000800041082002300049100002500072245005200097250000800149260002200157300000800179365001700187700005400204906003600258999001900294952018000313230718s9999 xx 000 0 und d aeng a658.83420'073bHOW aHowkins D.I.9131814 aConsumer Behavior bBuilding Marketing Strategy a8th c2000bMcGraw Hill a775 cRs.b1187.00 aHowkins D.I., Best R. J. & Correy K. A. 9187611 dB:141301-Jun-2002cMGMTb178.05 c303657d303657 00104070aCCEPbCCEPd2002-06-17eTechnical Book ServicesfMGMTg1008.95i1413l0o658.83420'073pCCEP-BK-14864r2023-07-18 00:00:00t178.05v1187.00w2002-06-01yBKz014864